000 00520cam a2200217 4500
008 090401t1985 xxu||||| |||| 00| 0 eng d
020 _a0728200899
035 _a(Sirsi) u24041
041 _aeng
050 _a711.14
100 _aDenyer-Green, Barry P. D.
245 _aCompulsory purchase and compensation
250 _a2nd ed.
260 _aLondon
_bEstates Gazette
_c1985
300 _axxix, 367p. ; 22cm.
350 _a14
520 _aShelf 115
650 _aLAW
942 _n0
948 _c04/03/1997
999 _c88489
_d88489